ARRUPE JESUIT UNIVERSITY

CORONAVIRUS -STOP THE SPREAD - CLEAN,DISINFECT,COVER

Singin' and Swingin' and gettin' Merry like Christmas (Record no. 97490)

MARC details
000 -LEADER
fixed length control field 00537nam a2200217Ia 4500
003 - CONTROL NUMBER IDENTIFIER
control field 0100
008 - FIXED-LENGTH DATA ELEMENTS--GENERAL INFORMATION
fixed length control field 130307s9999 xx 000 0 und d
020 ## - INTERNATIONAL STANDARD BOOK NUMBER
International Standard Book Number 0860686736
040 ## - CATALOGING SOURCE
Transcribing agency ARRUPELIB
050 ## - LIBRARY OF CONGRESS CALL NUMBER
Classification number PS3551.N464Z475 1985
300 ## - PHYSICAL DESCRIPTION
Other physical details 21cm
100 ## - MAIN ENTRY--PERSONAL NAME
Personal name Angelou, Maya
245 ## - TITLE STATEMENT
Title Singin' and Swingin' and gettin' Merry like Christmas
260 ## - PUBLICATION, DISTRIBUTION, ETC. (IMPRINT)
Place of publication, distribution, etc London
260 ## - PUBLICATION, DISTRIBUTION, ETC. (IMPRINT)
Name of publisher, distributor, etc Virago press
260 ## - PUBLICATION, DISTRIBUTION, ETC. (IMPRINT)
Date of publication, distribution, etc 1985
300 ## - PHYSICAL DESCRIPTION
Extent 269p.
650 ## - SUBJECT ADDED ENTRY--TOPICAL TERM
Topical term following geographic name as entry element Paul, Saint, Apostle
650 ## - SUBJECT ADDED ENTRY--TOPICAL TERM
Location of event Bible NT Epistle of Paul--Theology
942 00 - ADDED ENTRY ELEMENTS (KOHA)
Koha issues (borrowed), all copies 1
Holdings
Withdrawn status Lost status Source of classification or shelving scheme Damaged status Not for loan Collection code Home library Current library Shelving location Date acquired Total Checkouts Full call number Barcode Date last seen Date checked out Copy number Price effective from Koha item type
    Library of Congress Classification     Main Collection ARRUPE LIBRARY ARRUPE LIBRARY   07/03/2013 1 PS3551.N464Z475 1985 46003077196 14/01/2014 27/12/2013 1 07/03/2013 Monograph ( Printed materials)

 

Arrupe Library. PO Box MP320 Mt Pleasant, Harare, Zimbabwe
263 242 745411|librarian@aju.ac.zw